Des célébrités portant les initiales S - Statistiques

Statistiques générales
  • Ce quiz a été pris 97 fois
  • Le résultat moyen est 15 sur 24
Statistiques - réponses
Code Indice Célébrité % Correct
SD Peintre espagnol surréaliste, célèbre pour ses montres molles Salvador Dalí
92%
SS Acteur américain, star de Rocky et Rambo Sylvester Stallone
89%
SM Actrice française, star de La Boum et Braveheart Sophie Marceau
88%
SF Médecin neurologue autrichien, père de la psychanalyse Sigmund Freud
87%
SV Femme politique française, figure majeure de la légalisation de l’avortement Simone Veil
87%
SB Journaliste, animateur et écrivain français, passionné d’histoire et du patrimoine Stéphane Bern
87%
SG Chanteur français iconique, auteur de La Javanaise Serge Gainsbourg
82%
SK Auteur américain de romans d’horreur et de fantastique comme Ça et Shining Stephen King
82%
SW Championne américaine de tennis, détentrice de 23 titres du Grand Chelem Serena Williams
80%
SJ Cofondateur d’Apple et visionnaire de la technologie Steve Jobs
76%
SE Acteur américain, fils de Clint Eastwood Scott Eastwood
75%
ST Ancienne Miss France et directrice du comité Miss France Sylvie Tellier
74%
SU Footballeur français, champion du monde 2018 Samuel Umtiti
68%
SN Acteur français, connu pour Taxi Samy Naceri
68%
SR Footballeur espagnol, multiple champion avec le Real Madrid Sergio Ramos
60%
SP Acteur américain, oscarisé pour Mystic River et Milk Sean Penn
55%
SL Scénariste et dessinateur américain, créateur de nombreux super-héros Marvel Stan Lee
45%
SO Ancien basketteur américain, légende de la NBA et briseur de panier de Basket Shaquille O’Neal
43%
SQ Animatrice et journaliste française Sandrine Quétier
39%
SI Entraîneur italien et ancien footballeur, ancien coach de l’Inter Milan Simone Inzaghi
35%
SH Astrophysicien britannique, célèbre pour ses travaux sur les trous noirs Stephen Hawking
32%
SC Actrice et chanteuse américaine, connue pour Girl Meets World et sa carrière musicale Sabrina Carpenter
20%
SZ Jeune Athlète franco-australien, spécialiste du 110M Haies Sasha Zhoya
14%
SA Français condamné en Indonésie pour trafic de drogue, symbole de batailles judiciaires internationales Serge Atlaoui
6%
Aucun quiz correspondant
Distribution des résultats
% des personnes avec chaque résultat
Percentile par nombre de réponses
Votre historique - résultats
Vous n’avez pas pris ce quiz